000
00309nam a2200133Ia 4500
003
OSt
005
20240106111551.0
008
170523s9999 xx 000 0 und d
020
_a
9788131203699
040
_c
IIMT UNIVERSITY
100
_a
DAS- S
245
2
_a
A Concise text book of Surgery
942
_2
ddc
_c
02
999
_c
10792
_d
10792